| 000 | 00926cam a22001934a 4500 | ||
|---|---|---|---|
| 005 | 20250605163956.0 | ||
| 008 | 250528s ||||||||||||||||||||||||d | ||
| 035 | _a15480 | ||
| 020 | _a273600273 | ||
| 040 |
_aGR-AtMCL _bgre _dGR-AtMCL _eAACR2 |
||
| 245 | 1 | _aManaging People and Technological Change | |
| 260 |
_bPitman Publishing, _c1993 |
||
| 300 | _a212 | ||
| 520 | _aThis book explores the impact of new technology on people and their jobs and how, through the use of job design and work organizational concepts, it is possible to achieve a match between human and technological needs. People and Technology, Opportunities Created by Technological Change, Impact of Automation and Computerization, Corporate Culture and Technological Change, Results and Conclusions - Is it Possible to Introduce New Technology in a Human Way. | ||
| 700 | 1 |
_aBailey John _91411 |
|
| 942 | _cBK | ||
| 999 |
_c1059 _d1059 |
||